logo

Bir Sreshtho Munshi Abdur Rouf Library
Jhenaidah Cadet College

Meteorological satellites / (Record no. 8945)

MARC details
000 -LEADER
fixed length control field 00711nam a22002411 4500
001 - CONTROL NUMBER
JCCL Control Number 8945
003 - CONTROL NUMBER IDENTIFIER
JCCL marc code BD-JhCC
005 - DATE AND TIME OF LATEST TRANSACTION
control field 20180926092649.0
008 - FIXED-LENGTH DATA ELEMENTS--GENERAL INFORMATION
fixed length control field 850412s1966 nyua b 000 0 eng
035 ## - SYSTEM CONTROL NUMBER
system control number (BD-JhCC)8945
040 ## - CATALOGING SOURCE
Original cataloging agency DLC/ICU
Transcribing agency ICU
Modifying agency DLC
-- BD-JhCC
041 ## - LANGUAGE CODE
Language code of Book eng
050 00 - LIBRARY OF CONGRESS CALL NUMBER
Classification number QC879.5
Item number .W5
082 00 - DEWEY DECIMAL CLASSIFICATION NUMBER
Classification number 551.6354
Author mark and Year WID 1966
100 1# - MAIN ENTRY--PERSONAL NAME
Personal name Widger, William K.
245 10 - TITLE STATEMENT
Title Meteorological satellites /
Statement of responsibility, etc [by] William K. Widger, Jr. Coordinating editor: James V. Bernardo.
260 ## - PUBLICATION, DISTRIBUTION, ETC. (IMPRINT)
Place of publication, distribution, etc New York,
Name of publisher, distributor, etc Holt, Rinehart and Winston
Date of publication, distribution, etc [1966]
300 ## - PHYSICAL DESCRIPTION
Pagination 280 p.
Other physical details illus.
Dimensions 21 cm.
504 ## - BIBLIOGRAPHY, ETC. NOTE
Bibliography, etc Bibliography: p. 255-276.
650 #0 - SUBJECT ADDED ENTRY--TOPICAL TERM
Topical term or geographic name as entry element Astronautics in meteorology.
942 ## - ADDED ENTRY ELEMENTS (KOHA)
Source of classification or shelving scheme Dewey Decimal Classification
Koha item type Books
Holdings
Source of classification or shelving scheme Damaged status Not for loan Home library Current library Shelving location Total Checkouts Full call number Barcode Date last seen Copy number Koha item type
Dewey Decimal Classification     JCC Rouf Library JCC Rouf Library General Stacks   551.6354 WID 1966 11678 03/05/2018 C - 1 Books

JCC Library | Contacts | JCC Home

Last Update on 23 September 2017
Copyright @ 2017-2020 JCC Rouf Library
Rouf Library, Jhenidah Cadet College (JCC), Bangladesh